| 000 | 00701nam a2200217Ia 4500 | ||
|---|---|---|---|
| 003 | GCL | ||
| 008 | 140319s9999 xx 000 0 ara d | ||
| 040 |
_aGCL / _cGCL |
||
| 082 | 0 | 4 |
_a928.44 _bب ر |
| 100 | 1 | _aبتفيز، بيير | |
| 245 | 1 | 0 |
_aرامبو الشاعر والانسان ( 1854 - 1891 ) / _cبتفيز، بيير |
| 700 | 1 | _aحسين عبدالزهرة مجيد | |
| 300 | _a379 ص | ||
| 490 |
_aالهيئة العامة للاستعلامات _v0 |
||
| 650 | 0 | 4 | _aالادب الفرنسى |
| 650 | 0 | 4 | _aالتراجم |
| 650 | 0 | 4 | _aالشعر الفرنسى |
| 650 | 0 | 4 | _aالشعراء الفرنسيون |
| 650 | 0 | 4 | _aرامبو, ارثر 1854 - 1891 |
| 942 |
_2ddc _cBK |
||
| 999 |
_c49212 _d49212 |
||